| 000 | 00427nam a2200121Ia 4500 | ||
|---|---|---|---|
| 008 | 170224s9999 xx 000 0 und d | ||
| 245 | 4 | _aThe far-reaching effects of believing people can change: Implicit theories of personality shape stress, health, and achievement during adolescence. | |
| 260 | _bJournal of Personality and Social Psychology | ||
| 260 | _c2014 | ||
| 300 | _a106:6 | ||
| 500 | _aJune | ||
| 650 | _xPsychology. | ||
| 999 |
_c316749 _d316749 |
||